| 000 | 00486nam a22001817a 4500 | ||
|---|---|---|---|
| 999 |
_c5815 _d5815 |
||
| 003 | GBCCL | ||
| 005 | 20241126110550.0 | ||
| 008 | 180409b ||||| |||| 00| 0 eng d | ||
| 040 | _cgbc | ||
| 082 |
_a813.54 _bPRO |
||
| 100 |
_aProctor, Lillian C. _910525 |
||
| 245 |
_aNo Uncertain sound / _cLillian C. Proctor |
||
| 250 | _aOne Evening ed. | ||
| 260 |
_aWestchester: _bGood News Publishers, _c1968 |
||
| 300 |
_a64 p.; _c19 cm. |
||
| 650 |
_aFiction _vEnglish _910450 |
||
| 942 |
_2ddc _cBK |
||